| 000 | 00334nam a2200133Ia 4500 | ||
|---|---|---|---|
| 008 | 230312s9999||||xx |||||||||||||| ||und|| | ||
| 020 | _a978-1454707547 | ||
| 082 |
_a760.28 _bDOH-P |
||
| 100 | _aDoh;Jenny | ||
| 245 | 0 | _aPrint Collective Screenprinting TECHNIQUES & Projects | |
| 260 | _c2013 | ||
| 650 | _aArchitecture | ||
| 942 | _cBK | ||
| 999 |
_c14455 _d14455 |
||